000 00533nam a2200169 4500
001 145268
003 ES-MaACL
005 20230906201210.0
007 t|
008 070214s1972 sp r ||||1| cat d
100 1 _aSoy Fageda, Ramón.
_9107612
245 1 0 _aOlot
_b: 18 de juliol de l'any 2000 /
_cRamón Soy Fageda ; illustracions Xavier Carbonell.
260 _aGerona :
_b[s. n.],
_c1972 (
_fImp. Delta)
300 _a36 h. :
_bil. ;
_c22 cm.
700 1 _aCarbonell, Xavier.
_935056
852 _aES-MaACL
_j2081-F-19
_bR.81918
999 _c145268
_d145268